Countries that bordered Yugoslavia - sudden death - Statistics

General Stats
  • This quiz has been taken 21 times
  • The average score is 5 of 7
Answers on the Grid
Answers color-coded by a green-red scale on the quiz's grid according to % correct below.
Albania
Austria
Bulgaria
Czechoslovakia
Germany
Greece
Hungary
Italy
North Macedonia
Romania
Switzerland
USSR
 
Answer Stats
Answer % Correct
Albania
88%
Austria
75%
Bulgaria
69%
Hungary
69%
Greece
63%
Italy
63%
Romania
63%
No matching quizzes found
Score Distribution
Percent of People with Each Score
Percentile by Number Answered
Your Score History
You have not taken this quiz